[Event "St Petersburg-ch"]
[Site "St Petersburg"]
[Date "1997.03.05"]
[Round "2"]
[White "Chepukaitis, Genrikh"]
[Black "Vladimirov, Boris T"]
[Result "0-1"]
[WhiteElo "2320"]
[BlackElo "2370"]
[Annotator "Hecht,H"]
[PlyCount "140"]
[EventDate "1997.03.04"]
[EventType "swiss"]
[EventRounds "9"]
[EventCountry "RUS"]
[SourceTitle "CBM 058"]
[Source "ChessBase"]
[SourceDate "1997.06.01"]
[SourceVersion "1"]
[SourceVersionDate "1997.06.01"]
[SourceQuality "1"]

1. d4 g6 2. e4 Bg7 3. Nf3 d6 4. Bc4 Nf6 5. e5 dxe5 6. Nxe5 O-O 7. O-O c6 8. Nc3
Nbd7 9. f4 Nb6 10. Bb3 Nbd5 11. Qf3 Be6 12. Ne2 Nd7 13. Bd2 Nc7 14. Ba5 Bxb3
15. axb3 Nxe5 16. fxe5 b6 17. Be1 Qd7 18. Bg3 f6 19. Rfd1 f5 20. c4 e6 21. Be1
a5 22. Nc3 b5 23. Ne2 a4 24. Bb4 Rfd8 25. Bd6 axb3 26. Bxc7 Qxc7 27. Rxa8 Rxa8
28. cxb5 Bh6 29. Qxb3 Qd7 30. Nc3 cxb5 31. d5 Re8 32. Nxb5 Kg7 33. Nd6 Re7 34.
Qc3 Qa7+ 35. Kh1 Qa4 36. b3 Qg4 37. Qf3 Qxf3 38. gxf3 Bf4 39. Nc4 exd5 40. Rxd5
Rb7 41. Rd3 Kf8 42. h3 Rb5 43. Kg2 Bxe5 44. Nxe5 Rxe5 {[#] Der weiße Freibauer
ist noch weit zurück. Schwarz hat mit dem mehrbauern am Königsflügel genügend
Kompensation, gleich, wie Weiß seinen Turm einetzt.} 45. Kf2 (45. Rd2 Rb5 46.
Rb2 Rb4 47. Kf2 Ke7 $11 {[%csl Rh3][%cal Rb4h4,Re7c5]}) (45. b4 Re2+ 46. Kg3
Rb2 47. Rd4 g5 $11) (45. Rd8+ Kg7 46. Rb8 f4 $11) 45... Rb5 (45... Ke7 $2 46.
Re3 Kd6 47. Rxe5 Kxe5 48. Ke3 {entfernter Freibauer!} g5 49. f4+ Kf6 (49...
gxf4+ 50. Kf3 Kd4 51. Kxf4 Kc3 52. Kxf5 Kxb3 53. Kg5 Kc4 54. Kh6 Kd5 55. Kxh7
Ke5 56. Kg6 Kf4 57. h4 $18) 50. fxg5+ Kxg5 51. b4 Kf6 52. Kf4 Ke6 53. h4 Kd5
54. Kxf5 Kc4 55. Kg5 $18) 46. Ke3 Ke7 47. Kd4 Rb8 48. Kc5 Rc8+ 49. Kb6 Rb8+ 50.
Kc6 {Witzlos! Ohne den König kommt der b-Bauer nicht voran. Aber mit} (50. Kc5
Rc8+ 51. Kd4 Rd8+ 52. Kc3 Rc8+ 53. Kb2 Rb8 54. Rd4 Kf6 55. b4 {auf f4/h4 folgt
g5} Kg5 56. Kc3 f4 {[%csl Rh3] gibt es Gegenspiel (Schwäche h3)}) 50... Kf6 51.
h4 $2 (51. f4 $142) 51... Ke5 {[%csl Rf3,Rh4][%cal Re5f4,Rf4g3]} 52. Kc7 $6 {
quo vadis?} (52. Kc5 $142) 52... Rb4 53. h5 (53. Kc6 Rxh4 54. Kc5 Rh1 55. b4
Rc1+ 56. Kb6 h5 57. b5 h4 $19) 53... gxh5 54. Kc6 h4 55. Kc5 Rb8 56. b4 Kf4 57.
Rd7 Rh8 $1 $19 {[%cal Rh4h1]} 58. b5 h3 59. b6 h2 60. Rd1 Kxf3 61. b7 Kg2 62.
Rd2+ Kg3 63. Rd3+ Kg4 64. Rd1 f4 65. Kc6 Rb8 66. Kc7 Rxb7+ 67. Kxb7 f3 68. Kc6
f2 69. Kd5 Kf3 70. Kd4 Kg2 0-1

[Event "Kurgan"]
[Site "Kurgan"]
[Date "1994.??.??"]
[Round "3"]
[White "Kotsur, Pavel"]
[Black "Pospelov, Evgeny"]
[Result "1-0"]
[WhiteElo "2455"]
[BlackElo "2385"]
[Annotator "Hecht,H"]
[PlyCount "77"]
[EventDate "1994.??.??"]
[EventType "tourn"]
[EventRounds "11"]
[EventCountry "RUS"]
[EventCategory "8"]
[SourceTitle "CBM 043"]
[Source "ChessBase"]
[SourceDate "1994.12.01"]
[SourceVersion "1"]
[SourceVersionDate "1994.12.01"]
[SourceQuality "1"]

1. e4 d6 2. d4 Nf6 3. Nc3 g6 4. Nf3 Bg7 5. h3 O-O 6. Be3 c6 7. a4 Nbd7 8. Be2
e5 9. dxe5 dxe5 10. Nd2 Qe7 11. Nc4 Ne8 12. O-O Nc5 13. Nd6 Nxd6 14. Bxc5 Rd8
15. a5 Be6 16. Qc1 Qh4 17. Bd3 f5 18. Qe3 f4 19. Qe2 Nf7 20. f3 Bf8 21. Bf2 Qf6
22. Rfd1 Bb4 23. Bc4 Rxd1+ 24. Nxd1 Qe7 25. Ra4 Bc5 26. Bxe6 Bxf2+ 27. Nxf2
Qxe6 28. Rb4 Qe7 29. Qc4 Rd8 30. Nd3 Rd4 31. Qc3 Rxb4 32. Nxb4 a6 33. Nd3 Kf8 (
33... g5 34. Qc5 Qxc5+ (34... Qc7 $1 35. b4 Kg7 36. c4 (36. Kf1 Kf6 37. Ke2 Qe7
38. Qa7 Nd6 39. Nc5 Kf7 40. Qb8 Kg7 41. Kd3 h6 $16 {Gewinn?!}) 36... Qd7 37.
Nxe5 Qd1+ 38. Kh2 Qe1 39. Nxf7 Qg3+ 40. Kh1 Kxf7 41. Qf5+ Kg7 42. Qg4 Qe1+ 43.
Kh2 h6 44. h4 Kg6 $13 45. h5+ Kf6 46. Qf5+) 35. Nxc5 Nd8 36. Nd7 Nf7 37. Kf2 h5
38. Ke2 Kg7 39. Kd3 Kg6 40. Kc4 g4 41. h4 $18) 34. Qc5 Ke8 (34... Qxc5+ 35.
Nxc5 Nd8 36. Nd7+ $18) 35. Qa7 g5 36. Qb8+ Qd8 37. Qxb7 Qxa5 38. Qxc6+ Kf8 39.
Qc5+ 1-0

[Event "Tilburg"]
[Site "Tilburg"]
[Date "1993.??.??"]
[Round "2"]
[White "Malaniuk, Vladimir P"]
[Black "Hjartarson, Johann"]
[Result "0-1"]
[WhiteElo "2635"]
[BlackElo "2605"]
[Annotator "Hjartarson,J"]
[PlyCount "114"]
[EventDate "1993.11.??"]
[EventType "k.o."]
[EventRounds "7"]
[EventCountry "NED"]
[SourceTitle "CBM 039"]
[Source "ChessBase"]
[SourceDate "1994.04.01"]
[SourceVersion "1"]
[SourceVersionDate "1994.04.01"]
[SourceQuality "1"]

1. d4 Nf6 2. Nf3 d6 3. Nc3 g6 4. e4 Bg7 5. Be2 O-O 6. O-O c6 7. a4 a5 8. h3 Qc7
$5 $146 (8... Na6 9. Be3 (9. Bg5 $5 Nb4 (9... h6 10. Be3 $14) 10. e5 $1 Ne8 (
10... dxe5 11. dxe5 Nfd5 12. Nxd5 (12. Ne4 $2 Bf5 $17) 12... cxd5 13. Re1 Nc6 (
13... Bf5 $2 14. Nd4 $1 Bxe5 15. Nxf5 gxf5 16. c3 Nc6 17. Bd3 $16) 14. Bb5 $14)
11. Na2 Nxa2 12. Rxa2 f6 13. exf6 exf6 14. Bf4 Nc7 15. Ra3 d5 16. Re1 Ne6 17.
Bc1 $14 {Shur,M-Itkis,B URS-chT Azov 1991}) 9... Nb4 10. Qd2 Qc7 (10... d5 11.
e5 Ne8 12. Nd1 $1 Bf5 13. Ne1 c5 14. g4 cxd4 15. Bxd4 Be6 16. f4 $14 {Ivanov,
I-Ceshkovski Sverdlovsk 1989}) 11. Rad1 Re8 12. Rfe1 Bd7 13. e5 Nfd5 14. Nxd5
cxd5 15. c3 Nc6 16. exd6 exd6 $14 {Spassky-Hort, Reykjavik (m/7) 1977}) 9. Be3
(9. Bf4 $1 Nfd7 $5 10. Qd2 Re8 11. Rad1 e5 12. Bh6 Na6 $14) 9... e5 10. dxe5 (
10. d5 cxd5 11. exd5 Na6 $10 12. Nb5 Qe7) 10... dxe5 11. Nd2 Na6 $10 12. Nc4
Rd8 13. Qc1 Nd7 $10 14. Rd1 Bf8 15. Bg4 Nac5 16. Bg5 $6 (16. b3 Be7 $10) 16...
f6 17. Bh6 Be7 $15 18. Qe3 Nf8 19. Rxd8 Qxd8 20. Rd1 Qc7 21. Bxc8 Rxc8 22. Qe2
Nfe6 23. Be3 Rd8 24. Rxd8+ Qxd8 25. Kf1 Nd4 $6 (25... Kf7 $15) 26. Qd2 g5 (
26... b5 $2 27. axb5 cxb5 28. Bxd4 bxc4 (28... exd4 29. Nxb5 Nxe4 30. Qxd4 $18)
29. Be3 Qxd2 30. Bxd2 $14) 27. f3 Kf7 28. b3 $6 (28. Bxd4 exd4 29. Ne2 $10)
28... Nce6 29. Ne2 b6 30. c3 $2 (30. Nc1 $10) 30... Nxb3 31. Qxd8 Bxd8 32. Bxb6
(32. Nxb6 Nec5 33. Nc4 Nxa4 $19) 32... Bxb6 33. Nxb6 Nec5 $15 34. Ke1 Ke6 $1 (
34... Nb7 35. Nc4 N3c5 36. Nb2 $15) 35. Kd1 Nb7 (35... f5 $2 36. Kc2 $10) 36.
Kc2 $2 (36. Nc4 N3c5 37. Nb2 f5 $15) 36... N3c5 37. Nc1 f5 $1 $17 38. exf5+
Kxf5 39. Nd3 Nxd3 (39... e4 40. Nxc5 Nxc5 41. Nc4 $15) 40. Kxd3 Kf4 41. Nd7 $2
(41. Ke2 Kg3 42. Kf1 Nd6 $17) 41... Kg3 42. Nxe5 Kxg2 43. Nf7 Nc5+ 44. Kd4 Nxa4
45. Nxg5 h5 $19 46. f4 Nb6 47. f5 (47. Kc5 a4 $1 48. Kb4 Kg3 49. f5 Kf4 $19)
47... Nd7 48. Kc4 Kg3 49. Kb3 Kh4 50. Ne4 Kxh3 51. f6 Kg4 (51... Kg2 $2 52. f7
h4 53. Nf6 Nf8 54. Ka4 h3 55. Ng4 Kg3 56. Ne3 $10) 52. f7 Kf5 53. Nf2 Ke6 54.
Ka4 Kxf7 55. Kxa5 Ke6 56. Kb4 Kf5 57. c4 (57. Kc4 Kf4 58. Kd3 Kf3 $19) 57... h4
0-1

[Event "FIDE-Wch k.o."]
[Site "Las Vegas"]
[Date "1999.08.04"]
[Round "2.2"]
[White "Antonio, Rogelio Jr"]
[Black "Akopian, Vladimir Eduardovic"]
[Result "1/2-1/2"]
[WhiteElo "2558"]
[BlackElo "2646"]
[Annotator "Kaspi,A"]
[PlyCount "70"]
[EventDate "1999.07.31"]
[EventType "k.o."]
[EventRounds "7"]
[EventCountry "USA"]
[SourceTitle "CBM 072"]
[Source "ChessBase"]
[SourceDate "1999.10.01"]
[SourceVersion "1"]
[SourceVersionDate "1999.10.01"]
[SourceQuality "1"]

1. e4 {Tyomkin,D} d6 2. d4 g6 3. Nc3 Bg7 4. Nf3 Nf6 5. h3 O-O 6. Be2 c5 7. dxc5
Qa5 8. O-O Qxc5 9. Be3 Qa5 {Black had achieved Sicilian Dragon convenient
setup,and should be satisfied about results of the opening.} 10. Qd2 (10. Nd4
Nc6 11. Nb3 Qd8 12. f4 b6 13. a3 Nd7 14. Qe1 Nc5 15. Rd1 Be6 16. Nd4 Bd7 17. e5
$1 Nxd4 18. Bxd4 Ne6 19. Be3 dxe5 20. Bb5 Nd4 21. Bxd7 Qxd7 22. fxe5 Bxe5 23.
Bh6 $2 (23. Nb1 $1 Rad8 24. c3 Nf3+ 25. gxf3 Qxh3 26. Qe2 $18) 23... Qc7 24.
Bxf8 Rxf8 25. Kh1 e6 26. Rd3 Nf5 27. Rff3 h5 28. Nb5 Qc5 29. Nxa7 Bxb2 30. a4 {
1/2-1/2 Poddoubnui,V-Gurevich,M/Elista 1998/CBM 65/[www] (30)}) 10... Nc6 {
Black can not prevent following bishop's exchange. 9 years ago Akopian tried
to avoid this exchange,but has got in troubles.} (10... Re8 $6 11. Nb5 Qxd2 12.
Nxd2 Na6 13. Nxa7 Bd7 14. Nb5 Bc6 15. Bd3 Nd7 16. Nd4 Nb4 17. a3 Nxd3 18. cxd3
Ne5 19. Nxc6 bxc6 20. d4 Nd3 21. Nc4 $6 (21. Rfb1 Reb8 22. b3 c5 23. Nf3 $14)
21... d5 22. exd5 cxd5 23. Nb6 Rab8 24. Nxd5 e6 25. Nc3 Nxb2 26. Ra2 Nc4 27. a4
Rb3 28. Nb5 $2 (28. Rc1 $14) 28... Ra8 29. Raa1 Nxe3 30. fxe3 Rxe3 31. Rfd1 Rb3
32. Kf2 $4 Rxb5 {0-1 Oblitas,C-Akopian,V/Santiago 1990/EXT 97 (32)}) 11. Bh6
Be6 (11... a6 12. a4 Bd7 13. Rfd1 Rac8 14. Qe3 Rfe8 15. Bxg7 Kxg7 16. Nd5 Nb4 (
16... Nxd5 17. Rxd5 Qb4 $11) 17. Nxf6 exf6 18. Rxd6 Nxc2 19. Qf4 Be6 (19... Bf5
20. exf5 g5 21. Qg4 Nxa1 $13) 20. Rc1 Qxa4 21. Bd1 Rc4 22. b3 $1 $18 {1-0
Kviriashvili,I-Janda,Z/Decin 1996/CBM 53 ext (34)}) 12. Bxg7 Kxg7 13. a3 Rac8
$146 (13... Ne5 14. Nxe5 Qxe5 15. Qe3 Rfc8 16. Rac1 Rc6 17. f4 Qa5 18. Nd1 Rac8
19. c3 Rb6 20. Rc2 $4 (20. c4 $142) 20... Qa4 $19 {0-1 Gallob,J-Ebner,H/
AUT-chT2S 1993/EXT 98 (28)}) 14. Qe3 Nd7 15. Rad1 Qb6 16. Qc1 ({The ending
could be dangerous only for white,as it usually happens in Sicilian endings:} 
16. Qxb6 $6 Nxb6 {[%csl Rc4][%cal Yc8c2]} 17. Nd5 Bxd5 18. exd5 Ne5 $1 19. Nxe5
dxe5 $15 {[%csl Rc2,Rd5][%cal Gf8d8]}) 16... Nde5 17. Nd5 Nxf3+ 18. Bxf3 Bxd5
19. Rxd5 (19. exd5 Nd4 20. c3 Nxf3+ 21. gxf3 {getting broken pawn structure on
the kingside.In game continuation it isn't felt because of pawn on-e4.}) 19...
Nd4 20. c3 Nxf3+ 21. gxf3 Rc5 22. Rfd1 $11 {Although worse pawn structure
white keeps a balance,because of closed position,and some space advantage.
Black heavy pieses don't have entries to attack whites weaknesses.} Rfc8 23.
Kg2 Qb3 24. R1d4 {[%cal Rd4b4]} a5 25. Qd2 R8c6 26. h4 h5 27. Qe2 Qa2 28. Rd2
Rxd5 29. exd5 Rc7 30. Rd4 Rxc3 {The beginning of short tactical struggle,which
leads to the draw at the end.} 31. Qxe7 Rc2 {[%cal Ra2b2,Rc2f2]} (31... Qxb2 $2
32. Rf4 {[%csl Rf7]}) 32. Rf4 Qxd5 33. Qf6+ Kg8 34. Qd8+ Kg7 35. Qf6+ Kg8
1/2-1/2

[Event "Petrosian Memorial"]
[Site "Moscow"]
[Date "1999.06.18"]
[Round "1"]
[White "Gligoric, Svetozar"]
[Black "Tseshkovsky, Vitaly"]
[Result "0-1"]
[WhiteElo "2476"]
[BlackElo "2556"]
[Annotator "Kaspi,A"]
[PlyCount "52"]
[EventDate "1999.06.??"]
[EventType "tourn"]
[EventRounds "9"]
[EventCountry "RUS"]
[EventCategory "11"]
[SourceTitle "CBM 072"]
[Source "ChessBase"]
[SourceDate "1999.10.01"]
[SourceVersion "1"]
[SourceVersionDate "1999.10.01"]
[SourceQuality "1"]

1. e4 d6 2. d4 Nf6 3. Nc3 g6 4. Nf3 Bg7 5. Be3 c6 6. h3 O-O 7. Qd2 b5 8. Bd3
Bb7 (8... Re8 9. O-O Bb7 10. a4 b4 11. Ne2 a5 12. Ng3 Nbd7 13. Bh6 Bh8 14. e5
dxe5 15. dxe5 Nd5 16. e6 $6 Nc5 $1 17. exf7+ Kxf7 18. Ng5+ Kg8 19. Bc4 Bxb2 $17
{0-1 Dvoirys,S-Zakharevich,I/Elista 1994/CBM 44/[Moiseev] (43)}) 9. Bh6 $6 {
This unaccuracy leads to long-time troubles.The right way was to prevent b5-b4
by 9.a3.} (9. a3 Nbd7 10. e5 dxe5 11. dxe5 Nd5 12. Nxd5 cxd5 13. Bd4 a6 14. O-O
Qc7 15. Qe3 e6 16. Rfe1 Bc6 17. Nh2 a5 18. Ng4 {[%csl Rf6,Rh6][%cal Ge3g5] 1-0
Mainka,R-Schoeneich,M/BL9394 1994/GER-chT (41)}) 9... b4 10. Bxg7 Kxg7 11. e5 (
11. Ne2 c5 {[%csl Re4] breaking whites center.}) 11... bxc3 {Another good
alternative was:} (11... dxe5 12. dxe5 bxc3 13. exf6+ exf6 14. Qxc3 Re8+ 15.
Kf1 Qb6 16. Kg1 c5 17. Nd2 Nd7 $15 {and white suffers because of lack of
development.}) 12. exf6+ exf6 13. Qxc3 Re8+ 14. Kf1 Na6 $6 {missing a way of
achieving clear advantage.} (14... Nd7 15. Rd1 c5 16. Bb5 $14 {[%csl Rd7]}) (
14... Qb6 $142 15. Re1 Nd7 16. Kg1 c5 $36 {[%cal Gb7f3]}) 15. Kg1 c5 16. Bxa6
Bxa6 17. Kh2 (17. dxc5 dxc5 18. Qxc5 Qd7 19. Qd4 Qc6 20. c3 Be2 {Black piece
are dominating on the board.}) 17... Re2 {Black tries to develope initiative
by active play.} 18. Rhe1 {Finally white had finished development,but it had
cost him a pawn.} Rxf2 19. Kg1 Re2 20. dxc5 dxc5 21. Qxc5 (21. Rxe2 Bxe2 22.
Re1 Bxf3 23. Qxf3 Qd4+ 24. Kh1 Rd8 25. c3 Qd2 $17) 21... Rc8 22. Qd4 (22. Qxa7
Rcxc2 23. Rxe2 (23. Qxa6 $2 Rxg2+ 24. Kh1 Qd7 $19) 23... Bxe2 24. Qd4 Qb8 $19 {
[%csl Rb2][%cal Gb8g3]}) 22... Rexc2 23. Qxd8 $2 (23. Qxa7 Ra8 24. Qe3 Rxb2 $17
) 23... Rxd8 24. Re7 Rxb2 25. Rxa7 Bb7 {Now white can not prevent an entry of
another rook to the 2nd rank which is decisive.} 26. Ne1 Rdd2 0-1

[Event "FIDE-Wch k.o."]
[Site "Las Vegas"]
[Date "1999.08.07"]
[Round "3.2"]
[White "Short, Nigel D"]
[Black "Beliavsky, Alexander G"]
[Result "1/2-1/2"]
[WhiteElo "2675"]
[BlackElo "2618"]
[Annotator "Kaspi,A"]
[PlyCount "120"]
[EventDate "1999.07.31"]
[EventType "k.o."]
[EventRounds "7"]
[EventCountry "USA"]
[SourceTitle "CBM 072"]
[Source "ChessBase"]
[SourceDate "1999.10.01"]
[SourceVersion "1"]
[SourceVersionDate "1999.10.01"]
[SourceQuality "1"]

1. e4 {Tyomkin,D} d6 2. Nc3 g6 3. d4 Nf6 4. Be3 c6 5. Nf3 Nbd7 6. a4 Bg7 7. Be2
O-O 8. O-O b6 9. Re1 $146 (9. Nd2 Bb7 10. a5 Rb8 11. f3 b5 12. a6 Ba8 13. Nb3
Qc7 14. Qe1 Nb6 15. Na5 b4 16. Nb1 Nfd7 17. c3 c5 18. Nd2 bxc3 19. bxc3 Rfc8
20. Qf2 d5 21. e5 f5 22. exf6 Bxf6 23. f4 cxd4 24. cxd4 Bg7 25. Nf3 Nc4 26.
Rfc1 Ndb6 27. Ne5 $16 {1-0 Nisipeanu,L-Zysk,R/Bad Wiessee 1997/CBM 61 ext (49)}
) 9... Bb7 10. h3 Qc7 11. a5 Rad8 12. axb6 axb6 13. Bf1 b5 14. b4 Ra8 15. Qd2
Rfd8 16. Bh6 Bxh6 17. Qxh6 e5 18. Rad1 (18. Qg5 exd4 19. Nxd4 Re8 20. Bd3 $11)
18... Ra3 19. Re3 Rda8 20. Qh4 Ra1 21. Ree1 Rxd1 (21... R1a3 22. dxe5 dxe5 23.
Rd3 {[%cal Ge1d1,Yf3g5]}) 22. Rxd1 Kg7 23. Bd3 Re8 24. Qg5 Nf8 25. dxe5 dxe5
26. Ne2 h6 27. Qe3 Ne6 28. Nd2 Rd8 29. Rb1 Qd6 30. Qb6 {White changes the
direction of play,but there are no targets to attack in blacks position on the
queenside.} Bc8 31. Nf3 Bd7 32. Qa6 Be8 33. Qa1 Nd7 34. h4 h5 35. g3 f6 36. Qa7
Bf7 37. Qe3 Ra8 38. c3 Nb6 39. Ne1 Qc7 40. f4 {After a long-time monouevring
white begins an active play.} exf4 41. gxf4 Ra2 42. Ng2 Na4 43. f5 Nf8 44. fxg6
Bxg6 45. Ngf4 Qe5 46. Rc1 Nb2 47. Bb1 Nc4 48. Qg3 Ra1 $2 {After that move Ne2
strongly comes to attack.Black had to prevent it.} (48... Ra3 49. Rd1 (49. Nd4
$2 Qxd4+) 49... Kh6 50. Nd4 $140 Bxe4 51. Qg8 Ra7 $1 {[%cal Ya7g7]}) 49. Nd4
Qe8 50. e5 $1 {[%mdl 64] Inserting the bishop to attack.Now black has an only
capture on-e5.} (50. Nxh5+ Kf7 51. Nf5 (51. Nxf6 Kxf6 52. h5 Bxe4 53. Rf1+ Ke7
54. Qh4+ Kd7 55. Qg4+ Kd8 56. Qxe4 Qxe4 57. Bxe4 Rxf1+ 58. Kxf1 Nd2+ 59. Ke2
Nxe4 60. Nxc6+ Kc7 61. Nd4 Kb6 62. Nxb5 Kxb5 63. c4+ Ka4 64. c5 Nc3+ 65. Kd3
Nb5 66. Ke4 $11) 51... Bxh5 52. Qg7+ Ke6 53. Nd4+ Kd6 {[%cal Re8g6]} (53... Ke5
$4 54. Qg3#) 54. Nf5+ (54. Qxf6+ Kc7 55. Qxf8 Qxf8 56. Ne6+ Kb7 57. Nxf8 Nd2)
54... Ke6 55. Nd4+ $11) 50... Nxe5 (50... fxe5 51. Nxg6 Nxg6 52. Nf5+ Kh8 (
52... Kg8 53. Qg5 Qe6 54. Rf1 $16) 53. Qg5 Qf7 54. Qxh5+ Qh7 55. Qg5 $16) (
50... Qxe5 51. Nb3 $1 {[%csl Rg6]}) 51. Nxh5+ Kh8 52. Nxf6 Qe7 53. Rf1 Qg7 (
53... Rxb1 $2 54. Rxb1 Qxf6 55. Rf1 Qd6 56. Rxf8+ $18) 54. Bxg6 $2 {After this
move black successfully saves the game.After the correct 54.Qxe5 black is in
troubles:} (54. Qxe5 $1 {[%mdl 64]} Bxb1+ (54... Rxb1 55. Rxb1 Bxb1+ 56. Kh2
Be4 57. Qh5+ $18) 55. Ng4 $1) 54... Rxf1+ 55. Kxf1 Qxf6+ 56. Bf5 Ne6 57. Qf2 (
57. Ke2 Nxd4+ 58. cxd4 Nc4 59. Qg5 Qd6 60. h5 Qh2+ $11) (57. Nf3 Qxf5 58. Qxe5+
Qxe5 59. Nxe5 c5 60. bxc5 Nxc5 61. Ke2 Kh7 62. Ke3 Kh6 63. Kd4 Na4 $11) 57...
Nxd4 58. cxd4 Nc4 {[%cal Rf6f5]} 59. Kg1 Qe7 60. Qf4 Qe1+ (60... Qe1+ 61. Kh2
Qd2+ 62. Kg3 (62. Qxd2 Nxd2 {[%cal Gd2f3,Gd2b3]} 63. Kg3 Nb3 64. Be4 Nxd4 $11
65. Kf4 $140 c5 $1) 62... Qe1+ 63. Kg4 Ne3+ 64. Kh5 Nxf5 65. Qxf5 Qxb4 $11)
1/2-1/2

[Event "Moscow-B"]
[Site "Moscow"]
[Date "1986.03.15"]
[Round "2"]
[White "Kengis, Edvins"]
[Black "Azmaiparashvili, Zurab"]
[Result "1-0"]
[WhiteElo "2475"]
[BlackElo "2465"]
[Annotator "Kengis,E"]
[PlyCount "81"]
[EventDate "1986.03.??"]
[EventType "tourn"]
[EventRounds "11"]
[EventCountry "URS"]
[EventCategory "7"]
[SourceTitle "EXT 2002"]
[Source "ChessBase"]
[SourceDate "2001.11.25"]
[SourceVersion "1"]
[SourceVersionDate "2001.11.25"]
[SourceQuality "1"]

{Inf.41/128} 1. e4 d6 2. d4 Nf6 3. Nc3 g6 4. Nf3 Bg7 5. Be2 O-O 6. O-O c6 7.
Re1 Nbd7 8. Bf4 Qa5 9. Nd2 (9. Qd2 {- Inf.40/148}) 9... Qc7 10. d5 $1 Nc5 11.
Bf1 (11. a4 $5) 11... Ng4 12. h3 e5 (12... Nxf2 $6 13. Qf3 $1 (13. Kxf2 $2 Qb6
14. Be3 Qxb2 $17) 13... Bd4 14. Be3 $18) 13. Bg5 (13. dxe6 $2 Nxf2 $1 14. Kxf2
fxe6 15. Kg3 g5 $1 $19) 13... Bf6 (13... Nf6 14. Nc4 $1 b5 15. Bxf6 Bxf6 16.
dxc6 bxc4 17. Nd5 Qxc6 18. Nxf6+ Kg7 19. Nd5 Ne6 20. c3 $16) (13... h6 14. hxg4
(14. Bh4 $5) 14... hxg5 15. b4 $16) (13... f6 14. Bh4 (14. hxg4 fxg5 $132)
14... Nh6 15. b4 Nd7 (15... Na6 16. Bxa6 bxa6 17. dxc6 $16) 16. dxc6 bxc6 17.
Nc4 Nf7 18. b5 $16) 14. Bxf6 Nxf6 15. b4 Na6 (15... Ncd7 16. Nc4 $16 {() ><d6})
16. a3 cxd5 17. Nxd5 Nxd5 18. exd5 Nb8 19. c4 a5 20. c5 $1 $16 dxc5 (20... axb4
21. cxd6 Qxd6 22. Ne4 {/\ axb4}) 21. bxc5 Qxc5 22. Rxe5 (22. Ne4 $6 Qb6 23. Rb1
Qd8 $13) 22... Qd6 (22... Bf5 23. Rc1 Qxa3 24. g4 $1 {/\ Nc4}) 23. Nc4 Qf6 (
23... Qd8 $142) 24. Rb1 $1 $18 Ra6 25. Qe1 Qd8 26. d6 Nc6 27. Rc5 Ra7 28. Qc3
Be6 29. Rd1 a4 30. g3 {[/\ h4, Bg2]} Nb8 31. Rc7 Ra6 (31... Na6 32. Re7) 32.
Qb4 Nd7 $138 33. Rxb7 Rc6 34. Qxa4 Qc8 35. Rb4 Rc5 36. Nb6 Nxb6 37. Rxb6 Rd8
38. Qb4 Rc3 39. d7 $1 Qc7 (39... Bxd7 40. Rxd7 Rxd7 41. Rb8) 40. Rb7 Qe5 41.
Qb6 1-0

[Event "Linares-03"]
[Site "Linares"]
[Date "1981.01.24"]
[Round "6"]
[White "Larsen, Bent"]
[Black "Kavalek, Lubomir"]
[Result "1-0"]
[WhiteElo "2610"]
[BlackElo "2550"]
[Annotator "Kharitonov,A"]
[PlyCount "97"]
[EventDate "1981.01.17"]
[EventType "tourn"]
[EventRounds "11"]
[EventCountry "ESP"]
[EventCategory "13"]
[SourceTitle "MCL"]
[Source "ChessBase"]
[SourceDate "1999.07.01"]
[SourceVersion "1"]
[SourceVersionDate "1999.07.01"]
[SourceQuality "1"]

1. Nf3 g6 2. e4 d6 3. d4 Nf6 4. Nc3 Bg7 5. h3 O-O (5... a6 $6 6. Bd3 Nfd7 7.
Ne2 $1 c5 8. c3 Nc6 9. O-O b5 10. Be3 O-O 11. Qd2 Bb7 12. Bh6 $16 {Spassky,
B-van der Wiel,J/Baden/1980/1:0 (40)/}) 6. Be3 c6 7. a4 (7. Bd3 $5) 7... Nbd7
$6 (7... a5 8. Be2 Na6 9. O-O d5 10. e5 Ne8 11. Qd2 f6 12. Bh6 Nac7 13. Nd1 Ne6
14. c3 f5 $13 {Ginsburg,G-Kharitonov,A/URS/1992/1:0 (62)/}) 8. a5 $1 $14 Qc7 (
8... e5 9. dxe5 dxe5 10. Bc4 $14 {Larsen/}) 9. Be2 (9. Qd2 Rb8 10. Bh6 b5 11.
axb6 axb6 $132) 9... e5 10. dxe5 Nxe5 $6 (10... dxe5 $142 11. Nd2 $5) 11. O-O (
11. Nxe5 dxe5 12. Bc4 $14) 11... Rd8 12. Qc1 Nxf3+ (12... Be6 13. Nd4 {/\f4+/=/
}) 13. Bxf3 Be6 14. Bg5 Re8 15. Rd1 $16 Nd7 (15... b5 16. Qf4 $1) 16. Qd2 Ne5
17. Be2 Bc4 (17... f6 18. Be3 Nf7 (18... Rad8 19. b3 $16) 19. f4 $16) 18. Ra4
Bxe2 19. Qxe2 (19. Nxe2 $6 d5 $1 20. exd5 cxd5 21. b3 Rac8 $132) 19... b5 (
19... h6 20. Be3 b5 21. axb6 axb6 22. Rxa8 Rxa8 23. f4 Nd7 24. Qd2 $16) (19...
f6 20. Be3 b5 21. axb6 axb6 22. Rxa8 Rxa8 23. f4 Nf7 24. Qc4 Ra7 25. Ne2 $16)
20. axb6 axb6 21. Rxa8 Rxa8 22. f4 Nd7 23. Be7 $1 Bf8 24. Bxf8 Nxf8 25. Qd2 Rd8
26. f5 $5 f6 (26... Qe7 27. Qd4 b5 28. e5 $1 d5 29. Ne4 $1 gxf5 30. Nf6+ Kh8
31. Rf1 c5 32. Qf4 $40) 27. Qd4 Kg7 28. b4 $1 b5 29. Ne2 Re8 $2 (29... gxf5 30.
Ng3 $40) (29... d5 30. Nc3 $16) (29... Qe7 30. Qb6 Re8 31. Ng3 Rc8 32. Ra1 Rc7
33. Ra8 $16) 30. Qxd6 $1 Qxd6 (30... Qb6+ 31. Nd4 Rxe4 32. Kh2 $18) 31. Rxd6
gxf5 (31... Rxe4 32. Nd4 $18) 32. Nd4 $1 fxe4 (32... Rxe4 33. c3 $18) 33. Rxc6
e3 (33... Re5 34. Rb6 Rd5 35. c3 $18) 34. Kf1 Re4 35. c3 $18 Ng6 (35... Kf7 36.
Ke2 Ng6 37. g3 $18) 36. Nf5+ Kg8 37. Rc8+ Nf8 38. Ke2 Re5 39. Rc5 $1 Rxc5 40.
bxc5 Ne6 41. c6 Nc7 42. Kxe3 Kf7 43. Ke4 Ke6 44. g4 Na6 45. Nd4+ Kd6 46. Kf5
Nc7 47. Kxf6 Nd5+ 48. Kg7 Nxc3 49. g5 (49. g5 Ne4 50. h4 b4 51. Kxh7 $18) 1-0

[Event "Dortmund-C"]
[Site "Dortmund"]
[Date "1991.??.??"]
[Round "2"]
[White "Keitlinghaus, Ludger"]
[Black "Lau, Ralf"]
[Result "0-1"]
[WhiteElo "2400"]
[BlackElo "2485"]
[Annotator "King,D"]
[PlyCount "102"]
[EventDate "1991.03.23"]
[EventType "tourn"]
[EventRounds "9"]
[EventCountry "GER"]
[EventCategory "8"]
[SourceTitle "CBM 023"]
[Source "ChessBase"]
[SourceDate "1991.08.01"]
[SourceVersion "1"]
[SourceVersionDate "1991.08.01"]
[SourceQuality "1"]

1. e4 d6 2. d4 Nf6 3. Nc3 g6 4. Nf3 Bg7 5. Be2 O-O 6. O-O c6 7. Bf4 Nbd7 8. Qd2
Qc7 {8...Qa5! (/\ e5) 9.e5 de5 10.Ne5 (10.de5 Nh5) Ne5 11.Be5 Be6 =.} 9. e5 Nh5
10. exd6 exd6 11. Ne4 (11. Bg5 $5) 11... Ndf6 12. Bxd6 Nxe4 13. Bxc7 Nxd2 14.
Nxd2 Bxd4 15. c3 Bg7 $10 16. Bxh5 $2 $15 gxh5 17. Rfe1 Be6 18. Nf3 Rfe8 19. Be5
Bd5 20. Bxg7 Kxg7 21. b3 Bxf3 22. gxf3 Kf6 23. Rxe8 Rxe8 24. Rd1 Re7 25. Kf1
Kf5 26. Rd6 f6 27. c4 Ke5 28. c5 a5 29. a3 f5 30. Rh6 Kd4 31. b4 axb4 32. axb4
Rf7 33. Rxh5 Kc4 34. Rh4+ f4 35. Ke2 Kxb4 36. Rh5 Kc3 37. h4 Re7+ 38. Kd1 Rd7+
39. Ke2 Kc4 40. Rf5 h6 41. h5 Kb5 42. Rxf4 Kxc5 43. Rf6 Rd6 44. Rg6 b5 45. f4
b4 46. f5 b3 47. f6 Rxf6 48. Rxf6 b2 49. Rf5+ Kd6 50. Rf6+ Kd5 51. Rf5+ Ke6 0-1